Collective action and exchange <a> game-theoretic approach to contemporary political economy
Guardado en:
| Autor principal: | |
|---|---|
| Formato: | Libro |
| Lenguaje: | inglés |
| Publicado: |
Stanford
Stanford economics and finance
2013
|
| Materias: | |
| Etiquetas: |
Sin Etiquetas, Sea el primero en etiquetar este registro!
|
MARC
| LEADER | 00000nam a2200000 4500 | ||
|---|---|---|---|
| 001 | 0186379 | ||
| 005 | 20240306140223.3 | ||
| 020 | |a 978-0-8047-7004-0 | ||
| 020 | |a 978-0-8047-7003-3 | ||
| 041 | 0 | |a eng | |
| 044 | |a US | ||
| 245 | 1 | 0 | |a Collective action and exchange |b <a> game-theoretic approach to contemporary political economy |c William D. Ferguson |
| 264 | 1 | |a Stanford |b Stanford economics and finance |c 2013 | |
| 300 | |a 432 s. | ||
| 610 | 2 | 0 | |a ekonómia politická |
| 610 | 2 | 0 | |a teória hier |
| 610 | 2 | 0 | |a modely ekonomicko-matematické |
| 610 | 2 | 0 | |a problémy spoločenské |
| 610 | 2 | 0 | |a inštitúcia |
| 610 | 2 | 0 | |a organizácie |
| 610 | 2 | 0 | |a siete sociálne |
| 610 | 2 | 0 | |a politika |
| 610 | 2 | 0 | |a rast hospodársky |
| 610 | 2 | 0 | |a rozvoj hospodársky |
| 100 | 1 | |a Ferguson, William D. | |